000 00461nam a22001817a 4500
999 _c524066
_d524066
003 NUST
020 _a9789695931981
038 _awaseem
082 _a891.49104
_bAHM
100 _aAhmed, Zubair
_914890
245 _aWichaar Laikh /
_cZubair Ahmed
260 _aLahore :
_bSanjh Publications,
_c2016.
300 _a244 p. ;
500 _aHardcover.
880 _6100-02\r
_a زبیر احمد
880 _6245-02\r
_aوچار لیکھ /
942 _2ddc
_cBK